Every French city over 100,000 inhabitants - Statistics

General Stats
  • This quiz has been taken 32 times
  • The average score is 32 of 42
Answer Stats
Region City Population % Correct
Hauts-de-France Lille 236,200
100%
Auvergne-Rhône-Alpes Lyon 522,200
100%
Île-de-France Paris 2,102,700
100%
Provence-Alpes-Côte d'Azur Nice 343,500
97%
Occitanie (Occitania) Toulouse 498,000
97%
Provence-Alpes-Côte d'Azur Marseille 870,300
93%
Grand Est Strasbourg 290,600
93%
Nouvelle-Aquitaine Bordeaux 259,800
90%
Normandie (Normandy) Le Havre 168,300
90%
Occitanie (Occitania) Montpellier 299,100
90%
Provence-Alpes-Côte d'Azur Toulon 178,700
90%
Bretagne (Brittany) Brest 139,900
86%
Auvergne-Rhône-Alpes Grenoble 158,200
86%
Pays de la Loire Nantes 320,700
86%
Bretagne (Brittany) Rennes 220,500
86%
Normandie (Normandy) Caen 106,200
83%
Bourgogne-Franche-Comté Dijon 158,000
83%
Normandie (Normandy) Rouen 112,300
83%
Île-de-France Saint-Denis 112,900
83%
Réunion Saint-Denis 153,800
83%
Grand Est Metz 118,500
79%
Grand Est Nancy 105,100
79%
Centre-Val de Loire Orléans 116,300
79%
Grand Est Reims 181,200
79%
Auvergne-Rhône-Alpes Saint-Étienne 173,800
79%
Auvergne-Rhône-Alpes Clermont-Ferrand 147,900
76%
Centre-Val de Loire Tours 137,100
72%
Hauts-de-France Amiens 134,700
69%
Occitanie (Occitania) Nîmes 148,600
69%
Pays de la Loire Angers 155,900
66%
Grand Est Mulhouse 108,300
66%
Nouvelle-Aquitaine Limoges 130,900
62%
Occitanie (Occitania) Perpignan 119,300
62%
Provence-Alpes-Côte d'Azur Aix-en-Provence 145,100
59%
Pays de la Loire Le Mans 143,800
59%
Bourgogne-Franche-Comté Besançon 117,900
55%
Auvergne-Rhône-Alpes Villeurbanne 152,200
55%
Auvergne-Rhône-Alpes Annecy 130,700
48%
Île-de-France Argenteuil 111,000
38%
Île-de-France Montreuil 111,200
38%
Réunion Saint-Paul 103,200
38%
Île-de-France Boulogne-Billancourt 121,600
34%
No matching quizzes found
Score Distribution
Percent of People with Each Score
Percentile by Number Answered
Your Score History
You have not taken this quiz